Statystyki dla Angielski Zawodowy

Kliknij tutaj aby rozwiązać quiz!

Ogólne statystyki

  • Ten quiz został rozwiązany 37 razy
  • Średni wynik to 7 z 32

Statystyki odpowiedzi

HintOdpowiedź% Poprawnych
a skillumiejętność
81%
knowledgewiedza
74%
datadane
70%
a professionzawód
70%
a solutionrozwiązanie
48%
digitalcyfrowy
41%
to expectoczekiwać
37%
to solverozwiązywać
26%
researchbadania
22%
to make sureupewniać się
22%
to stay up to date with sthbyć na bieżąco
19%
efficientlywydajnie
19%
to encouragezachęcać
15%
a benefitzysk
15%
relevantistotny
11%
outdatednieaktualny
11%
to carry outprzeprowadzać
11%
to prepareprzygotowywać się
11%
to resolve a technological issuerozwiązać problem techniczny
11%
to evolverozwijać się
11%
to ensurezapewniać
11%
a queryzapytanie
11%
reliableniezawodny
7%
to range from sth to sthobejmować
7%
to be in demandpopyt na
7%
a colleaguewspółpracownik
7%
to alleviatełągodzic
4%
to overseenadzorować
4%
to prevent frompowstrzymać przed
4%
to pursue career inrobić w karierę w
4%
a mindsetsposób myślenia
4%
to deal withzajmować się
4%

Rozkład punktacji

Percentyl według liczby udzielonych odpowiedzi

Procent ludzi z każdym wynikiem

Twoja historia wyników

Nie rozwiązałeś tego quizu